000 00477nam a2200145Ia 4500
008 230917s9999||||xx |||||||||||||| ||und||
040 _e98595
_aMAIN
041 _aEnglish
082 _a668.37 I2T
100 _aIndia, Ministry of Science and Technology, Department of sci
245 0 _aTechnology in indian polyacetal resin: a study prepared under the national register of foreign collaboration
260 _aNew Delhi
_bGovt of India
_c1997
300 _a83 p.
942 _cBK
999 _c82164
_d82164